Pratham Mahasamar : (Record no. 10180)
[ view plain ]
| 000 -LEADER | |
|---|---|
| fixed length control field | 00532cam a2200205ua 4500 |
| 001 - CONTROL NUMBER | |
| control field | 11348 |
| 005 - DATE AND TIME OF LATEST TRANSACTION | |
| control field | 20260515114736.0 |
| 008 - FIXED-LENGTH DATA ELEMENTS--GENERAL INFORMATION | |
| fixed length control field | 190914n ii |||gr||||Z||||||asm |
| 020 ## - INTERNATIONAL STANDARD BOOK NUMBER | |
| International Standard Book Number | 9789381485750 |
| 040 ## - CATALOGING SOURCE | |
| Transcribing agency | MAIN |
| 082 ## - DEWEY DECIMAL CLASSIFICATION NUMBER | |
| Classification number | 940.3 |
| 100 ## - MAIN ENTRY--PERSONAL NAME | |
| Personal name | Diganta Oza . , |
| Relator term | Author. |
| 245 ## - TITLE STATEMENT | |
| Title | Pratham Mahasamar : |
| Remainder of title | karon,gatibidhi,parinati / |
| Statement of responsibility, etc. | By Diganta Oza . |
| 250 ## - EDITION STATEMENT | |
| Edition statement | 3rd ed . |
| 260 ## - PUBLICATION, DISTRIBUTION, ETC. | |
| Place of publication, distribution, etc. | Guwahati: |
| Name of publisher, distributor, etc. | Jyoti Prakashan , |
| Date of publication, distribution, etc. | 2017. |
| 300 ## - PHYSICAL DESCRIPTION | |
| Extent | 268p. |
| 653 ## - INDEX TERM--UNCONTROLLED | |
| Uncontrolled term | History of Europe |
| 653 ## - INDEX TERM--UNCONTROLLED | |
| Uncontrolled term | World war I |
| 942 ## - ADDED ENTRY ELEMENTS (KOHA) | |
| Koha item type | Books |
| Withdrawn status | Lost status | Damaged status | Not for loan | Home library | Current library | Shelving location | Date acquired | Total checkouts | Full call number | Barcode | Date last seen | Copy number | Price effective from | Koha item type |
|---|---|---|---|---|---|---|---|---|---|---|---|---|---|---|
| Naharkatiya College Library | Naharkatiya College Library | General stacks | 09/19/2020 | 940.3History of Assam | OZA | 26326 | 09/19/2020 | 1 | 09/19/2020 | Books |